000
00355pab a2200157 454500
008
180718b2000 xxu||||| |||| 00| 0 eng d
100
_a
Seth, S.C.
245
_a
Watershed management in India
260
_c
2000
300
_a
p.2-7
362
_a
Jun
650
_a
Watersheds - India
650
_a
Watersheds
773
_a
Kurukshetra
909
_a
44956
999
_c
44956
_d
44956